<?xml version="1.0" encoding="UTF-8"?>
<record
    xmlns:xsi="http://www.w3.org/2001/XMLSchema-instance"
    xsi:schemaLocation="http://www.loc.gov/MARC21/slim http://www.loc.gov/standards/marcxml/schema/MARC21slim.xsd"
    xmlns="http://www.loc.gov/MARC21/slim">

  <leader>00863nam a22001937a 4500</leader>
  <controlfield tag="008">130418t        xxu||||| |||| 00| 0 spa d</controlfield>
  <datafield tag="020" ind1=" " ind2=" ">
    <subfield code="a">970-10-6400-3</subfield>
  </datafield>
  <datafield tag="050" ind1=" " ind2=" ">
    <subfield code="a">BF121 G778 2008</subfield>
  </datafield>
  <datafield tag="100" ind1=" " ind2=" ">
    <subfield code="a">GRAY, Peter</subfield>
  </datafield>
  <datafield tag="245" ind1=" " ind2=" ">
    <subfield code="a">Psicolog&#xED;a: una nueva perspectiva / </subfield>
    <subfield code="c">Peter Gray ; tr. Susana Pont&#xF3;n Becerril...[et al.]</subfield>
  </datafield>
  <datafield tag="250" ind1=" " ind2=" ">
    <subfield code="a">5a ed.</subfield>
  </datafield>
  <datafield tag="260" ind1=" " ind2=" ">
    <subfield code="a">M&#xE9;xico :</subfield>
    <subfield code="b">McGraw-Hill,</subfield>
    <subfield code="c">2008.</subfield>
  </datafield>
  <datafield tag="300" ind1=" " ind2=" ">
    <subfield code="a">xxiii, 654 p. </subfield>
    <subfield code="b">: il. ; </subfield>
    <subfield code="c">; 30 cm.</subfield>
  </datafield>
  <datafield tag="500" ind1=" " ind2=" ">
    <subfield code="a">Traducido de: Psychology
</subfield>
  </datafield>
  <datafield tag="505" ind1=" " ind2=" ">
    <subfield code="a">Antecedentes del estudio de la psicolog&#xED;a, la adaptabilidad de la conducta, mecanismos fisiol&#xF3;gicos de la conducta, sensaci&#xF3;n y percepci&#xF3;n, el intelecto humano, crecimiento de la mente y la persona, la persona en un mundo de gente, personalidad y trastornos.</subfield>
  </datafield>
  <datafield tag="650" ind1=" " ind2=" ">
    <subfield code="2">PSICOLOG&#xCD;A -- ESTUDIO Y ENSE&#xD1;ANZA</subfield>
  </datafield>
  <datafield tag="700" ind1=" " ind2=" ">
    <subfield code="a">PONT&#xD3;N Becerril, Susana, tr</subfield>
  </datafield>
  <datafield tag="942" ind1=" " ind2=" ">
    <subfield code="c">LB</subfield>
  </datafield>
  <datafield tag="952" ind1=" " ind2=" ">
    <subfield code="0">0</subfield>
    <subfield code="1">0</subfield>
    <subfield code="2">lcc</subfield>
    <subfield code="4">0</subfield>
    <subfield code="7">0</subfield>
    <subfield code="a">21</subfield>
    <subfield code="b">21</subfield>
    <subfield code="d">2013-04-18</subfield>
    <subfield code="l">4</subfield>
    <subfield code="o">BF121 G778 2008</subfield>
    <subfield code="p">21 001626</subfield>
    <subfield code="r">2019-09-20</subfield>
    <subfield code="s">2019-09-20</subfield>
    <subfield code="t">1</subfield>
    <subfield code="w">2013-04-18</subfield>
    <subfield code="y">LB</subfield>
  </datafield>
  <datafield tag="952" ind1=" " ind2=" ">
    <subfield code="0">0</subfield>
    <subfield code="1">0</subfield>
    <subfield code="2">lcc</subfield>
    <subfield code="4">0</subfield>
    <subfield code="7">0</subfield>
    <subfield code="a">21</subfield>
    <subfield code="b">21</subfield>
    <subfield code="d">2013-04-18</subfield>
    <subfield code="l">14</subfield>
    <subfield code="m">1</subfield>
    <subfield code="o">BF121 G778 2008</subfield>
    <subfield code="p">21 001627</subfield>
    <subfield code="r">2018-10-05</subfield>
    <subfield code="s">2018-10-04</subfield>
    <subfield code="t">2</subfield>
    <subfield code="w">2013-04-18</subfield>
    <subfield code="y">LB</subfield>
  </datafield>
  <datafield tag="952" ind1=" " ind2=" ">
    <subfield code="0">0</subfield>
    <subfield code="1">0</subfield>
    <subfield code="2">lcc</subfield>
    <subfield code="4">0</subfield>
    <subfield code="7">0</subfield>
    <subfield code="a">21</subfield>
    <subfield code="b">21</subfield>
    <subfield code="d">2013-11-19</subfield>
    <subfield code="l">16</subfield>
    <subfield code="o">BF121 G778 2008</subfield>
    <subfield code="p">21 002158</subfield>
    <subfield code="r">2020-02-13</subfield>
    <subfield code="s">2020-02-13</subfield>
    <subfield code="t">3</subfield>
    <subfield code="w">2013-11-19</subfield>
    <subfield code="y">LB</subfield>
  </datafield>
  <datafield tag="999" ind1=" " ind2=" ">
    <subfield code="c">89500</subfield>
    <subfield code="d">89500</subfield>
  </datafield>
</record>
